000 00587nam a22002177a 4500
999 _c10137
_d10137
001 10137
003 OSt
005 20180418173916.0
008 180418b1964 bg ||||| |||| 00| 0 ben d
035 _a(BD-JhCC)10137
040 _aBD-JhCC
_dBD-JhCC
041 _aben
082 _a297
_bISL 1964
100 _aইসলাম, সুজাতুল
245 _aআজান /
_c সুজাতুল ইসলাম
260 _aঢাকা :
_bবেঙ্গল প্রেস
_c1964.
300 _a57 p. :
_c18 cm.
650 _aIslam
942 _2ddc
_cBK